Deber de buena administracion y derecho al procedimiento debido : (Registro nro. 28370)

Detalles MARC
000 -LEADER
fixed length control field 00899nam a2200241Ia 4500
003 - CONTROL NUMBER IDENTIFIER
control field CO-CtgCURN
005 - DATE AND TIME OF LATEST TRANSACTION
control field 20250408220034.0
008 - FIXED-LENGTH DATA ELEMENTS--GENERAL INFORMATION
fixed length control field 190722s9999 xx 000 0 und d
020 ## - INTERNATIONAL STANDARD BOOK NUMBER
International Standard Book Number 8484062481
040 ## - CATALOGING SOURCE
Original cataloging agency CO-CtgCURN
Language of cataloging spa
Transcribing agency coctgcurn
082 ## - DEWEY DECIMAL CLASSIFICATION NUMBER
Classification number 342.06
Item number P792d
100 ## - MAIN ENTRY--PERSONAL NAME
Personal name Ponce Sole, Juli
245 #0 - TITLE STATEMENT
Title Deber de buena administracion y derecho al procedimiento debido :
Remainder of title las bases constitucionales del procedimiento administrativo y del ejerccio de la discrecionalidad /
Statement of responsibility, etc. Juli Ponce Sole
260 ## - PUBLICATION, DISTRIBUTION, ETC.
Place of publication, distribution, etc. Espana :
Name of publisher, distributor, etc. Lex Nova,
Date of publication, distribution, etc. 2001
300 ## - PHYSICAL DESCRIPTION
Extent 862 páginas ;
Dimensions 23 centímetros
490 ## - SERIES STATEMENT
Series statement Derecho Publico ;
Volume/sequential designation 9
521 ## - TARGET AUDIENCE NOTE
Target audience note AREA PROFESIONAL
590 ## - LOCAL NOTE (RLIN)
Local note Programa de Derecho_18
650 ## - SUBJECT ADDED ENTRY--TOPICAL TERM
Topical term or geographic name entry element Derecho administrativo
650 ## - SUBJECT ADDED ENTRY--TOPICAL TERM
Topical term or geographic name entry element Discrecion judicial
942 ## - ADDED ENTRY ELEMENTS (KOHA)
Koha item type Libros
Classification part 342.06
Item part P792d
Source of classification or shelving scheme Dewey Decimal Classification
Suppress in OPAC No
Existencias
Withdrawn status Lost status Damaged status Not for loan Collection Home library Current library Shelving location Date acquired Inventory number Total checkouts Full call number Barcode Date last seen Copy number Price effective from Koha item type
          Miguel Henríquez Castañeda Barranquilla Miguel Henríquez Castañeda Barranquilla General 05/23/2018 02852   342.06 P792d 02852 07/22/2019 ej.1 07/22/2019 Libros